000 00544nam a2200181Ia 4500
008 140925s9999 xx 000 0 und d
020 _a1466-769X
100 _aSellman, Derek.
245 _aNursing Philosophy /
_cDerek Sellman.
_h[electronic resource]
260 _bJohn Wiley & Sons, Inc.,
_cc2013.
516 _aElectronic text
650 _aNursing.
650 _aPhilosophy.
830 _aJohn Wiley & Sons, Inc.
856 _uhttp://onlinelibrary.wiley.com/journal/10.1111/%28ISSN%291466-769X
942 _cEJ
999 _c275676
_d275676